Central Library OPAC University of Rajshahi

আধুনিক বাংলা কবিতা : (Record no. 38581)

MARC details
000 -LEADER
fixed length control field 00915nam a2200217 a 4500
001 - CONTROL NUMBER
control field 38581
003 - CONTROL NUMBER IDENTIFIER
rucl marc code BD-RjUL
005 - DATE AND TIME OF LATEST TRANSACTION
control field 20211209052825.0
008 - FIXED-LENGTH DATA ELEMENTS--GENERAL INFORMATION
fixed length control field 160116s1970 bg ||||| |||| 00| 0 ben d
035 ## - SYSTEM CONTROL NUMBER
System control number (BD-RjUL)38689
040 ## - CATALOGING SOURCE
Original cataloging agency BD-RjUL
Language of cataloging ben
Transcribing agency BD-RjUL
041 ## - LANGUAGE CODE
Language code of text/sound track or separate title ben
082 ## - DEWEY DECIMAL CLASSIFICATION NUMBER
Edition number 23
Classification number 891.4417
Author mark and year AHA 1970
100 ## - MAIN ENTRY--PERSONAL NAME
Personal name আহসান, সৈয়দ আলী
9 (RLIN) 117689
245 ## - TITLE STATEMENT
Title আধুনিক বাংলা কবিতা :
Remainder of title শব্দের অনুষঙ্গে /
Statement of responsibility, etc. সৈয়দ আলী আহসান
260 ## - PUBLICATION, DISTRIBUTION, ETC. (IMPRINT)
Place of publication, distribution, etc. ঢাকা :
Name of publisher, distributor, etc. আহমদ পাবলিশিং হাউস,
Date of publication, distribution, etc. ১৯৭০
300 ## - PHYSICAL DESCRIPTION
Pagination ১৪৭ পৃ. ;
Size ২২ সেমি.
650 ## - SUBJECT ADDED ENTRY--TOPICAL TERM
Topical term or geographic name as entry element বাংলা কবিতা
General subdivision রূপরেখা , সিলেবাসে
Chronological subdivision ২০ শতক
9 (RLIN) 119059
Topical term or geographic name as entry element Bengali poetry
General subdivision Outlines, syllabi, etc.
Chronological subdivision 20th century
9 (RLIN) 119060
942 ## - ADDED ENTRY ELEMENTS (KOHA)
Source of classification or shelving scheme Dewey Decimal Classification
Koha item type Books
Holdings
Lost status Source of classification or shelving scheme Damaged status Not for loan Collection code Permanent Location Current Location Shelving location Date acquired Source of acquisition Cost, normal purchase price Total Checkouts Full call number Date last seen Date checked out Copy number Koha item type Total Renewals
  Dewey Decimal Classification     Non-fiction Central Library, University of Rajshahi Central Library, University of Rajshahi   28/02/1976 আহমদ পাবলিশিং হাউস, ঢাকা 8.00 4 B 891.4417 AHA 1970 17/11/2025 12/10/2025 C-2 Books  
  Dewey Decimal Classification     Non-fiction Central Library, University of Rajshahi Central Library, University of Rajshahi   28/02/1976 আহমদ পাবলিশিং হাউস, ঢাকা 8.00 5 B 891.4417 AHA 1970 17/01/2016 17/01/2016 C-3 Books 4
  Dewey Decimal Classification   Not For Loan Non-fiction Central Library, University of Rajshahi Central Library, University of Rajshahi Reading Room 03/09/1973 Nowroze Kitabistan 7.00   B 891.4417 AHA 1970 16/01/2016   C-1 Books  
  Dewey Decimal Classification     Non-fiction Central Library, University of Rajshahi Central Library, University of Rajshahi   17/06/2004 Replace by Jonab Ali     B 891.4417 AHA 1970 25/01/2016   C-8 Books  
  Dewey Decimal Classification     Non-fiction Central Library, University of Rajshahi Central Library, University of Rajshahi   28/02/1976 Ahmed pUblishing, Dhaka 8.00   B 891.4417 AHA 1970 25/02/2017   C-4 Books